000 00708nam a2200229 a 4500
001 000023861
005 20200930022525.0
008 110114s1958 ve ab r 001 0 spa d
040 _aDO-SdBNP
_bspa
_cBNPHU
082 _axxxxx
_bG492a
100 1 _aAvelo H., Ramón
_949086
245 1 0 _aAves de caza de venezuela / :
_bRamón Avelo H., Hno. Gines.
260 _aCaracas :
_bSucre,
_c1958.
300 _a236 p. ;
_c14 cm.
490 1 _aMonografía ;
_v4
490 1 _aSociedad de ciencias naturales la salle
500 _aIncluye índice alfabético.
700 1 _aGines, Hno.
_949087
830 0 _aMonografía ;
_n4
_949088
830 0 _aSociedad de ciencias naturales la salle
_949089
049 _aBNGR
999 _c23357
_d23357